| 000 | 00428nam a22001697a 4500 | ||
|---|---|---|---|
| 003 | OSt | ||
| 008 | 250328b |||||||| |||| 00| 0 eng d | ||
| 020 | _a9788126538539 | ||
| 082 |
_a624.151 _bMIT/FU |
||
| 100 |
_aMitchell, James K _917 |
||
| 245 | _aFundamentals of soil behaviour | ||
| 250 | _a3rd | ||
| 260 |
_aNew Delhi _bCBS Publishers & Distributors _c2013 |
||
| 300 | _a577p | ||
| 700 |
_aSoga, Kenichi _918 |
||
| 942 | _cBK | ||
| 999 |
_c14071 _d14071 |
||